000 03104cjm a2200685 i 4500
001 data
005 20260322212122.0
007 data
008 data
035 _a23520619
906 _a7
_bcbc
_ccopycat
_d2
_encip
_f20
_gy-soundrec
925 0 _aacquire
_b2 shelf copies
_xpolicy default
010 _a 2024617061
028 0 2 _aMUS C N62
_bTER
035 _a(OCoLC)863606394
040 _aEQO
_beng
_erda
_cEQO
_dDLC
_dOCLCF
_dOCLCQ
_dOCLCO
_dOCLCL
_dDLC
042 _alccopycat
050 0 0 _aSDD 72922
100 1 _aMacDermot, Galt,
_ecomposer.
245 1 0 _aHair.
264 1 _a[London] :
_bOrbis Publishing,
_bOrbis Publishing,
_c[1996]
264 4 _c℗1996
300 _a1 audio disc (34 min., 37 sec.) :
_bdigital, stereo ;
_c4 3/4 in.
306 _a003437
336 _aperformed music
_bprm
_2rdacontent
337 _aaudio
_bs
_2rdamedia
338 _aaudio disc
_bsd
_2rdacarrier
344 _adigital
_2rdatr
344 _boptical
_2rdarm
344 _gstereo
_2rdacpc
347 _aaudio file
_2rdaft
347 _bCD audio
490 0 _aMusicals collection ;
_v62
500 _aTitle from disc label.
500 _aMusic by Galt MacDermot ; book and lyrics by Gerome Ragni and James Rado.
500 _aIssued with 'The musicals collection' v. 62.
505 0 _aAquarius (2:53) -- Donna (2:08) -- I got life (3:05) -- Air (1:28) -- Hair (2:58) -- Easy to be hard (2:35) -- Frank Mills (2:07) -- Where do I go? (2:40) -- Black boys, white boys (3:38) -- Walking in space (4:56) -- Good morning starshine (2:32) -- The flesh failure (Let the sun shine in) (3:38).
508 _aRecording engineer, Peter Cobbin ; produced for records John Yap.
511 0 _aGraham Bickley (Claude) ; Mark O'Malley (Berger) ; Issy Van Randwyck (Sheila) ; P.P. Arnold (Dionne) ; Catherine Porter (Jeanie) ; Katrina Murphy (Crissy) ; Aidan Bell (Margaret Mead) ; National Symphony Orchestra (called NSO Ensemble in booklet) ; Stephen Brooker, conductor.
518 _oRecorded in digital stereo DDD
_pAbbey Road Studios, London.
650 0 _aMusicals.
650 0 _aRock music.
650 7 _aMusicals.
_2fast
_0(OCoLC)fst01030814
655 7 _aMusicals.
_2lcgft
655 7 _aRock music.
_2lcgft
700 1 _aRagni, Gerome,
_elyricist.
_elyricist.
700 1 _aRado, James,
_elyricist.
_elyricist.
700 1 _aBickley, Graham,
_esinger.
700 1 _aO'Malley, Mark
_c(Actor),
_esinger.
700 1 _aVan Randwyck, Issy,
_esinger.
700 1 _aArnold, P. P.,
_esinger.
700 1 _aPorter, Catherine,
_d1979-
_esinger.
700 1 _aMurphy, Katrina,
_esinger.
700 1 _aBell, Aidan,
_d1964-
_esinger.
_1https://id.oclc.org/worldcat/entity/E39PCjJrBpYy4KvhGhG4cQDCkP
700 1 _aFerber, Edna,
_d1887-1968,
_esinger.
_1https://id.oclc.org/worldcat/entity/E39PBJgmT9RXf8YTppRJfmXfMP
700 1 _aBrooker, Stephen
_c(Conductor)
_econductor.
_1https://id.oclc.org/worldcat/entity/E39PCjJRkmJG9y7grMJFJHbdry
700 1 _aYap, John,
_eaudio producer.
710 2 _aNational Symphony Orchestra (London, England),
_eperformer.
999 _c1882
_d1882